Paesi del mondo dalle bandiere in Pixel Art - Statistics

Statistiche generali
  • Questo quiz è stato fatto 40 volte
  • Il punteggio medio è 14 su 17
Statistiche sulle risposte
con Immagini Risposta % Corretto
Cipro
97%
Croazia
97%
Città del Vaticano
94%
Montenegro
94%
Kenya
92%
Afghanistan
86%
Figi
86%
Kiribati
83%
Dominica
81%
eSwatini
81%
Guatemala
81%
Haiti
78%
Mozambico
78%
Belize
75%
Brunei
75%
Eritrea
69%
Guyana
69%
Nessun quiz corrispondente trovato
Distribuzione punteggi
Percentuale di utenti per punteggio
Percentile per numero di risposta
I tuoi punteggi nel tempo
Non hai fatto questo quiz